| 000 | 00831nam a2200229Ia 4500 | ||
|---|---|---|---|
| 003 | GCL | ||
| 008 | 140319s9999 xx 000 0 ara d | ||
| 040 |
_aGCL / _cGCL |
||
| 082 | 0 | 4 |
_a616.5 _bع ا |
| 100 | 1 | _aعبدالرحيم عبدالله | |
| 245 | 1 | 0 |
_aالامراض الجلدية : _bأنواعها وأسبابها والوقاية منها / _cعبدالرحيم عبدالله |
| 260 |
_aالقاهرة : _bمركز الاهرام للترجمة والنشر ، _c1994 |
||
| 300 |
_a172 ص ؛ _c24 سم |
||
| 490 |
_aاعرف صحتك _v10 |
||
| 650 | 0 | 4 | _aالجلد - امراض |
| 650 | 0 | 4 | _aالامراض - اثار جانبية |
| 650 | 0 | 4 | _aالامراض - اسباب |
| 650 | 0 | 4 | _aالجلد - أورام |
| 650 | 0 | 4 | _aالجلد - رعاية |
| 650 | 0 | 4 | _aالجلد - التهاب |
| 942 |
_2ddc _cBK |
||
| 999 |
_c9210 _d9210 |
||